| 000 | 03640nam a22004217a 4500 | ||
|---|---|---|---|
| 005 | 20120111115444.0 | ||
| 010 | _aENG-104679 B-492503-513 | ||
| 020 |
_a9781259005251 _c650.00 |
||
| 020 |
_a1259005259 _c650.00 |
||
| 035 | _aEN-88212 B-492503-513 | ||
| 037 | _bDBAD/PUB | ||
| 037 | _bUBH/Ven | ||
| 082 | 0 | 0 |
_a659.144 _223 |
| 100 | 1 |
_aMarshall, Perry _955289 |
|
| 245 | 1 | 4 |
_aThe ultimate guide to facebook advertising : _cby Perry Marshall [and] Thomas Meloche _bhow to access 600 million customers in 10 minutes / |
| 260 |
_aNew Delhi _bTata McGraw Hill _c2011 |
||
| 270 |
_a7 West Patel Nagar _bNew Delhi _e110008 |
||
| 300 |
_axvii,268p. : _bill. _c25cm(pbk) |
||
| 500 | _aIncludes index | ||
| 505 | 0 | _aTired of social marketing? -- Facebook's move to rule the world -- Is Facebook for me? -- A few fundamentals -- Ten minutes to your first ad -- Batten down the hatches -- Selling on the front porch -- Targeting -- That quirky little image is everything -- Nobody ever regretted mastering this $10,000 per hour skill -- The well-paid Facebook anthropologist -- We who are about to die salute you -- CPM biding strategies that get you even more clicks for less money. | |
| 650 | 0 |
_aInternet advertising. _955290 |
|
| 700 | 1 |
_aMeloche, Thomas _938905 |
|
| 942 |
_2ddc _cEN _h659.144 _mMAR |
||
| 999 |
_c60701 _d60701 |
||